ბათუმის შოთა რუსთაველის სახელმწიფო უნივერსიტეტის ბიბლიოთეკა

Handbook of special education / (ბიბ.ჩანაწერი № 57912)

000 -LEADER
fixed length control field 01058cam a2200253 i 4500
001 - CONTROL NUMBER
control field 19344581
005 - DATE AND TIME OF LATEST TRANSACTION
control field 20221108164235.0
008 - FIXED-LENGTH DATA ELEMENTS--GENERAL INFORMATION
fixed length control field 161021s2017 nyu fb 001 0 eng
020 ## - INTERNATIONAL STANDARD BOOK NUMBER
International Standard Book Number 9781138699151 (Paperback) X
041 ## - LANGUAGE CODE
Language code of text/sound track or separate title eng
080 ## - UNIVERSAL DECIMAL CLASSIFICATION NUMBER
Universal Decimal Classification number 376 H-22
245 00 - TITLE STATEMENT
Title Handbook of special education /
Statement of responsibility, etc. edited by James M. Kauffman, Daniel P. Hallahan, and Paige Cullen Pullen.
250 ## - EDITION STATEMENT
Edition statement Second Edition.
264 #1 - PRODUCTION, PUBLICATION, DISTRIBUTION, MANUFACTURE, AND COPYRIGHT NOTICE
Place of production, publication, distribution, manufacture New York :
Name of producer, publisher, distributor, manufacturer Routledge,
Date of production, publication, distribution, manufacture, or copyright notice 2017.
300 ## - PHYSICAL DESCRIPTION
Extent 942 pages ;
Dimensions 29 cm.
650 #0 - SUBJECT ADDED ENTRY--TOPICAL TERM
Topical term or geographic name entry element Special education
Geographic subdivision United States
Form subdivision Handbooks, manuals, etc.
9 (RLIN) 10918
653 ## - INDEX TERM--UNCONTROLLED
keyword პედაგოგიკა
653 ## - INDEX TERM--UNCONTROLLED
keyword სპეც. განათლება
700 1# - ADDED ENTRY--PERSONAL NAME
Personal name Kauffman, James M.,
Relator term რედაქტორი
9 (RLIN) 10585
700 1# - ADDED ENTRY--PERSONAL NAME
Personal name Hallahan, Daniel P.,
Dates associated with a name 1944-
Relator term რედაქტორი
9 (RLIN) 10919
700 1# - ADDED ENTRY--PERSONAL NAME
Personal name Pullen, Paige C.,
Relator term რედაქტორი
9 (RLIN) 10920
776 08 - ADDITIONAL PHYSICAL FORM ENTRY
Relationship information Online version:
Title Handbook of special education
Edition Second Edition.
Place, publisher, and date of publication New York : Routledge, 2017
International Standard Book Number 9781315517698
Record control number (DLC) 2016049291
942 ## - ADDED ENTRY ELEMENTS (KOHA)
Source of classification or shelving scheme
Koha item type წიგნი
ეგზემპლარები
Withdrawn status Lost status Source of classification or shelving scheme Damaged status Not for loan Permanent Location Current Location Shelving location Date acquired Cost, normal purchase price Full call number Barcode Date last seen Copy number Price effective from Koha item type Public note
          ბათუმის შოთა რუსთაველის სახელმწიფო უნივერსიტეტის მთავარი ბიბლიოთეკა ბათუმის შოთა რუსთაველის სახელმწიფო უნივერსიტეტის მთავარი ბიბლიოთეკა წიგნსაცავი 2021-03-31 356.00 376 H-22 61295 2021-03-31 61295 2021-03-31 წიგნი 356 ლ.